FIFAe World Cup 2024 Countries - Statistics

General Stats
  • This quiz has been taken 33 times
  • The average score is 14 of 16
Answer Stats
Team Country % Correct
yANXNZ, Lostt, DRUFINHO, STL (C) Brazil
100%
zen, Vatira, M0nkey M00n, Ferra (C) France
100%
Tox, Rezears, Rizex45, FreaKii. (C) Catalysm (C) Germany
100%
atomik, crr, stizzy, Braan. (C) Spain
97%
ajg., UmBroken, misery, pekitas (C) Argentina
93%
Retals, MaJicBear, CHEESE., torment (C), RawGreg (C) United States
93%
Atow., Compact, AztraL, LDC- (C) Belgium
90%
Reysbull, Davitrox, pan, groval (C) Chile
90%
oaly., Joreuz, Mikeboy, ViolentPanda (C), Beastbound (C) Netherlands
90%
gus, Torsos, Fever Australia
87%
rise., Joyo, archie, n0ah (C) England
83%
itachii, nass, dralii, Satthew (C) Morocco
77%
trk511, Rw9, Kiileerrz, d7oom-24 (C) Saudi Arabia
77%
rafa., beyond, vadyy., Ordep (C) Portugal
70%
Sweaty, 2Die4, Snowyy, cpZebra (C) South Africa
53%
zgocBrayt, Lorely, Jzmmm Turkey
50%
No matching quizzes found
Score Distribution
Percent of People with Each Score
Percentile by Number Answered
Your Score History
You have not taken this quiz